000 00447nam a2200181Ia 4500
001 23011
005 20260414150908.0
008 260414t2015||||xx |||||||||||||| ||spa||
041 _aESP
082 _a624.1762
_bM563
100 _aMoehle, Jack
_eAUT
245 0 _aSeismic design of reinforced concrete buildings
_b
260 _c2015
300 _axxii, 759 páginas :
_c24 cm.
650 _a0
654 _aCIC
942 _cLIB
_dJUS
_fJUS
_2ddc
_n
999 _c23011
_d23011